Open Science: (Record no. 213829)

MARC details
000 -LEADER
fixed length control field 00736nam a22002057a 4500
005 - DATE AND TIME OF LATEST TRANSACTION
control field 20251203150450.0
010 ## - LCCN (DPL NO)
LC control number ENG-147225
020 ## - INTERNATIONAL STANDARD BOOK NUMBER
International Standard Book Number 9788195434732
Terms of availability 800.00
035 ## - SYSTEM CONTROL NUMBER
System control number EN-130757
037 ## - SOURCE OF ACQUISITION
Source of stock number/acquisition DBAD
082 ## - DEWEY DECIMAL CLASSIFICATION NUMBER
Classification number 374.4
Edition number 1
245 ## - TITLE STATEMENT
Title Open Science:
Remainder of title A Compilaltion of Science Articles/
Statement of responsibility, etc Edited by Kabita Phukon; Monurama Phukon [and] Bonika Buragohain
260 ## - PUBLICATION, DISTRIBUTION, ETC. (IMPRINT)
Place of publication, distribution, etc Assam
Name of publisher, distributor, etc Gargaon Collega, Simaluguri Sivasagar
Date of publication, distribution, etc Feb, 2025
270 ## - ADDRESS
Address Gurgaon College, Simaluguri Sivasagar,
City Assam
Postal code 785686
300 ## - PHYSICAL DESCRIPTION
Extent 340p.
Dimensions 23cm(hb)
700 ## - ADDED ENTRY--PERSONAL NAME
Personal name Phukon, Kabita
9 (RLIN) 84700
Relator term Editor
700 ## - ADDED ENTRY--PERSONAL NAME
Personal name Phukon, Monurama
Relator term Editor
9 (RLIN) 85843
700 ## - ADDED ENTRY--PERSONAL NAME
Personal name Buragohain, Bonika
Relator term Editor
9 (RLIN) 85844
942 ## - ADDED ENTRY ELEMENTS (KOHA)
Source of classification or shelving scheme Dewey Decimal Classification
Item type English Books
Classification part 374.4
Call number suffix OPE
Holdings
Withdrawn status Lost status Not for loan Collection code Home library Current library Date acquired Source of acquisition Cost, normal purchase price Full call number Barcode Copy number Cost, replacement price Koha item type
      Non-fiction Mobile Library Mobile Library 03/12/2025 Delivery of Books Act Division 800.00 374.4 OPE EN-130757 1 800.00 English Books

© Delhi Public Library
Hit Counter
free hit counter